000 00369nam a22001337a 4500
003 SGT
020 _a9789353226220
082 _a080
_bC20K
100 _aकुमार, इंद्रेश
245 _aछुआछूत मुक्त समरस भारत
260 _bप्रभात प्रकाशन
_c2020
300 _a184
942 _2ddc
_cBK
999 _c31627
_d31627